Afganistán : una república del silencio : recuerdos de un estudiante afgano /
Gardado en:
| Autor Principal: | |
|---|---|
| Formato: | Electrónico eBook |
| Idioma: | Lingua castelá |
| Publicado: |
Tres Cantos, Madrid, España :
Foca,
[2021]
|
| Series: | Foca investigación ;
181. |
| Subjects: | |
| Acceso en liña: | Digitalia Hispánica |
| Tags: |
Engadir etiqueta
Sen Etiquetas, Sexa o primeiro en etiquetar este rexistro!
|
MARC
| LEADER | 00000nam a2200000 i 4500 | ||
|---|---|---|---|
| 001 | DIGFOCA0055 | ||
| 003 | NyNyDIG | ||
| 007 | cr ||||||||||| | ||
| 008 | 230118s2021 sp ob 000 0 spa d | ||
| 006 | m o d | ||
| 035 | |a (OCoLC)1367359776 | ||
| 040 | |a DGITA |b eng |e rda |e pn |c DGITA | ||
| 020 | |a 9788416842674 |q eBook | ||
| 020 | |z 9788416842650 | ||
| 043 | |a a-af--- | ||
| 050 | 1 | 4 | |a DS354 ebook |
| 082 | 1 | 4 | |a 958.1 |
| 100 | 0 | |a A. K., |e author. | |
| 245 | 1 | 0 | |a Afganistán : |b una república del silencio : recuerdos de un estudiante afgano / |c A. K. |
| 264 | 1 | |a Tres Cantos, Madrid, España : |b Foca, |c [2021] | |
| 300 | |a 1 online resource. | ||
| 336 | |a text |b txt |2 rdacontent | ||
| 337 | |a computer |b c |2 rdamedia | ||
| 338 | |a online resource |b cr |2 rdacarrier | ||
| 347 | |a text file |2 rdaft | ||
| 347 | |b PDF | ||
| 347 | |b EPUB | ||
| 490 | 1 | |a Foca investigación ; |v 181 | |
| 504 | |a Includes bibliographical references. | ||
| 588 | 0 | |a Online resource; title from PDF title page (Digitalia, viewed January 18, 2023) | |
| 651 | 0 | |a Afghanistan |x Social life and customs. | |
| 791 | 2 | |a Digitalia (Firm), |e distributor. | |
| 793 | 0 | |g Digitalia eBook Collection: |a Foca | |
| 776 | 0 | 8 | |i Print version: |a A. K. |t Afganistán. |d Tres Cantos, Madrid, España : |b Foca, |c [2021] |z 9788416842650 |
| 830 | 0 | |a Foca investigación ; |v 181. | |
| 856 | 4 | 0 | |3 Digitalia Hispánica |u https://digitalia.unach.elogim.com/a/83803/ |
| 910 | |a Premium collection: 2023 | ||